Scenes of change: visions on developments in Swaziland: papers presented at the seminar 'social sciences in Swaziland'---Amsterdam February 1986. (Record no. 57008)

MARC details
000 -LEADER
fixed length control field 00872nam a2200217 a 4500
008 - FIXED-LENGTH DATA ELEMENTS--GENERAL INFORMATION
fixed length control field 091123s1988 ||||||||||||||||| || u
050 ## - LIBRARY OF CONGRESS CALL NUMBER
Classification number ASC(08)RR/33
100 ## - MAIN ENTRY--PERSONAL NAME
Personal name Tieleman, Henk J
245 10 - TITLE STATEMENT
Title Scenes of change: visions on developments in Swaziland: papers presented at the seminar 'social sciences in Swaziland'---Amsterdam February 1986.
Statement of responsibility, etc. by Henk J. Tieleman (editor)
260 ## - PUBLICATION, DISTRIBUTION, ETC.
Place of publication, distribution, etc. Leiden:
Name of publisher, distributor, etc. ASC
Date of publication, distribution, etc. 1988
300 ## - PHYSICAL DESCRIPTION
Extent 231p.
350 ## - PRICE (NR) (BK AM CF MU VM SE) [OBSOLETE]
Price 0.00
490 ## - SERIES STATEMENT
Series statement ASC Reseach reports
500 ## - GENERAL NOTE
General note Bibliography
650 ## - SUBJECT ADDED ENTRY--TOPICAL TERM
Topical term or geographic name entry element SWAZILAND--POLITICAL ASPECTS
650 ## - SUBJECT ADDED ENTRY--TOPICAL TERM
Topical term or geographic name entry element SWAZILAND--ECONOMIC ASPECTS
650 ## - SUBJECT ADDED ENTRY--TOPICAL TERM
Topical term or geographic name entry element POLITICS
650 ## - SUBJECT ADDED ENTRY--TOPICAL TERM
Topical term or geographic name entry element SWAZILAND--SOCIAL ASPECTS
710 ## - ADDED ENTRY--CORPORATE NAME
Corporate name or jurisdiction name as entry element Africa Studies Centre (ASC)
995 ## - RECOMMENDATION 995 [LOCAL, UNIMARC FRANCE]
-- 0.00
-- CBU-MAIN LIBRARY (Kitwe)
-- 1
-- 0.00
-- 1
-- AVAILABLE
-- Nov 23, 2009
-- International Publications
Holdings
Withdrawn status Lost status Source of classification or shelving scheme Damaged status Not for loan Home library Current library Shelving location Date acquired Total Checkouts Full call number Barcode Date last seen Price effective from Koha item type
          CBU-MAIN LIBRARY, KITWE. CBU-MAIN LIBRARY, KITWE.   11/30/2022   ASC(08)RR/33 03004850 11/30/2022 11/30/2022 MONOGRAPH